[Event "Titled Tue 3rd Jun Early"]
[Site "chess.com INT"]
[Date "2025.06.03"]
[Round "8"]
[White "Ocampos, Ian"]
[Black "Garcia Correa, Jose Ricardo"]
[Result "0-1"]
[BlackTitle "FM"]
[WhiteElo "2219"]
[BlackElo "2103"]
[WhiteFideId "117544"]
[BlackFideId "5101832"]
[EventDate "2025.06.03"]

1. e4 e5 2. f4 exf4 3. Bc4 g5 4. h4 Bg7 5. hxg5 Qxg5 6. Qf3 Nc6 7. c3 Ne5 8. Qe2
Nxc4 9. Qxc4 Qg3+ 10. Kf1 Nf6 11. Rh3 Qg6 12. d3 d5 13. exd5 Bxh3 14. Nxh3 O-O
15. Nxf4 Qf5 16. Qxc7 Nxd5 17. Qc5 Rad8 18. c4 b6 0-1

[Event "Titled Tue 3rd Jun Early"]
[Site "chess.com INT"]
[Date "2025.06.03"]
[Round "8"]
[White "Newansa, M Esandi"]
[Black "Deveci, Huseyin Said"]
[Result "0-1"]
[WhiteTitle "WCM"]
[BlackTitle "CM"]
[WhiteElo "1947"]
[BlackElo "2212"]
[WhiteFideId "9999060"]
[BlackFideId "26322455"]
[EventDate "2025.06.03"]

1. d4 Nf6 2. Bf4 d6 3. e3 g6 4. Nf3 Bg7 5. c4 O-O 6. Nc3 Nbd7 7. Be2 Re8 8. O-O
e5 9. dxe5 dxe5 10. Nxe5 Nh5 11. Bxh5 Nxe5 12. Be2 Be6 13. Qa4 c6 14. Rad1 Qb6
15. Rd2 Rad8 16. Rfd1 Rxd2 17. Rxd2 Nd7 18. Nd1 Nc5 19. Qc2 Bf5 20. Qc1 Ne4 21.
Rc2 g5 22. c5 Qa5 23. b4 Qxb4 24. Bc7 Qe1+ 25. Bf1 Re7 26. Bb8 Rd7 27. Nc3 Qxc1
28. Rxc1 Nxc3 0-1

[Event "Titled Tue 3rd Jun Early"]
[Site "chess.com INT"]
[Date "2025.06.03"]
[Round "8"]
[White "Guerra Tulcan, Lenin"]
[Black "Bortnyk, Olexandr"]
[Result "0-1"]
[WhiteTitle "IM"]
[BlackTitle "GM"]
[WhiteElo "2310"]
[BlackElo "2601"]
[WhiteFideId "3601382"]
[BlackFideId "14120828"]
[EventDate "2025.06.03"]

1. e4 Nf6 2. e5 Nd5 3. c4 Nb6 4. a4 a5 5. d4 d6 6. exd6 exd6 7. Ra3 Nc6 8. Rg3
Nb4 9. Bd3 Qf6 10. Ne2 Nxd3+ 11. Qxd3 Bf5 12. Qe3+ Qe6 13. Nd2 Qxe3 14. Rxe3+
Kd7 15. b3 Be7 16. Kd1 Rae8 17. Re1 Bg5 18. Rxe8 Rxe8 19. f4 Bh4 20. Ng3 Bc2+
21. Kxc2 Rxe1 22. Nf3 Bxg3 23. hxg3 Re2+ 24. Kd3 Rxg2 25. Bd2 Rxg3 26. Ke2 Nc8
27. Bxa5 Rg2+ 28. Ke3 Ne7 29. Bd2 Nf5+ 30. Ke4 g6 31. b4 h5 32. a5 h4 33. b5 h3
34. a6 bxa6 35. bxa6 Kc8 36. c5 h2 37. c6 h1=Q 38. a7 Re2+ 0-1

[Event "Titled Tue 3rd Jun Early"]
[Site "chess.com INT"]
[Date "2025.06.03"]
[Round "8"]
[White "Hoepfl, Thomas"]
[Black "Kononenko, Dmitry2"]
[Result "1-0"]
[WhiteTitle "FM"]
[BlackTitle "FM"]
[WhiteElo "2194"]
[BlackElo "2205"]
[WhiteFideId "4615182"]
[BlackFideId "14113538"]
[EventDate "2025.06.03"]

1. e4 d5 2. exd5 Qxd5 3. Nc3 Qa5 4. d4 Nf6 5. Bc4 c6 6. Bd2 Bf5 7. Nf3 e6 8. Qe2
Be7 9. Nd5 Qd8 10. Nxe7 Qxe7 11. O-O-O Nbd7 12. Ne5 Nxe5 13. dxe5 Nd5 14. Bxd5
cxd5 15. Qb5+ Qd7 16. Qxd7+ Kxd7 17. Bb4 Kc6 18. h3 Rac8 19. c3 b6 20. f3 a5 21.
Bd6 Kb7 22. g4 Bg6 23. Rd4 Rc6 24. h4 h5 25. g5 Bf5 26. Kd2 Rhc8 27. Rc1 b5 28.
a3 Rxd6 29. exd6 Rd8 30. a4 Rxd6 31. axb5 e5 32. Ra4 Kb6 33. Rca1 d4 34. cxd4
exd4 35. Rxa5 Rd7 36. Ra6+ Kc5 37. b6 d3 38. R1a5+ Kb4 39. Rxf5 Re7 40. Kxd3 g6
41. Ra7 Re1 42. Rfxf7 Rd1+ 43. Ke2 Rh1 44. b7 Rh2+ 45. Ke3 Rxb2 46. b8=Q+ Kc3
47. Rfc7# 1-0

[Event "Titled Tue 3rd Jun Early"]
[Site "chess.com INT"]
[Date "2025.06.03"]
[Round "8"]
[White "Garcia Alarcon, Alvaro COL"]
[Black "Filindash, Nikita"]
[Result "0-1"]
[WhiteTitle "FM"]
[BlackTitle "CM"]
[WhiteElo "2105"]
[BlackElo "2198"]
[WhiteFideId "4400330"]
[BlackFideId "34159983"]
[EventDate "2025.06.03"]

1. d4 d5 2. c4 e6 3. Nc3 c6 4. Nf3 dxc4 5. a4 Bb4 6. e4 b5 7. Bd2 a5 8. Be2 Nf6
9. e5 Nd5 10. Ne4 Be7 11. O-O Bb7 12. b3 Nb6 13. axb5 cxb5 14. Rxa5 Bxe4 15.
Rxa8 Bxa8 16. bxc4 Nxc4 17. Bc3 O-O 18. Qb1 Bc6 19. g3 Nd7 20. h4 Qa8 21. Ng5
Bxg5 22. hxg5 Ndb6 23. Bb4 Rd8 24. Bc5 Nd2 25. Qa1 Nxf1 26. Bxb6 Qxa1 0-1

[Event "Titled Tue 3rd Jun Early"]
[Site "chess.com INT"]
[Date "2025.06.03"]
[Round "8"]
[White "Bashirli, Saadat"]
[Black "Kopczynski, Michal"]
[Result "1/2-1/2"]
[WhiteTitle "WCM"]
[BlackTitle "CM"]
[WhiteElo "1941"]
[BlackElo "2225"]
[WhiteFideId "13429990"]
[BlackFideId "1124200"]
[EventDate "2025.06.03"]

1. d4 Nf6 2. c4 g6 3. Nc3 Bg7 4. e4 d6 5. f3 O-O 6. Nge2 c5 7. Be3 Na6 8. Qd2
cxd4 9. Nxd4 Nc5 10. Be2 a6 11. O-O Bd7 12. Rac1 Rc8 13. b3 Ne6 14. Nd5 Nxd5 15.
cxd5 Nxd4 16. Bxd4 Bxd4+ 17. Qxd4 Qa5 18. a4 Rxc1 19. Rxc1 Rc8 20. Rxc8+ Bxc8
21. Kf2 b5 22. axb5 axb5 23. b4 Qa4 24. Qc3 Qa7+ 25. Kg3 Bd7 26. h4 h5 27. Bf1
Qb6 28. Be2 Qa7 29. Bf1 Qb6 30. Be2 Qa7 1/2-1/2

[Event "Titled Tue 3rd Jun Early"]
[Site "chess.com INT"]
[Date "2025.06.03"]
[Round "8"]
[White "Philipp, Mathias"]
[Black "Bustelo, Tabare"]
[Result "0-1"]
[WhiteTitle "CM"]
[BlackTitle "CM"]
[WhiteElo "2159"]
[BlackElo "2043"]
[WhiteFideId "12958883"]
[BlackFideId "3000362"]
[EventDate "2025.06.03"]

1. e4 e5 2. Nf3 f5 3. d4 fxe4 4. Nxe5 Nf6 5. Bg5 d6 6. Nc4 Be7 7. Ne3 c6 8. c4
O-O 9. Nc3 Be6 10. d5 Bf7 11. Bxf6 Bxf6 12. Qb3 Bxc3+ 13. Qxc3 cxd5 14. cxd5 Nd7
15. Bc4 Rc8 16. Qd4 Ne5 17. O-O Qh4 18. f4 Nxc4 19. Nxc4 Bg6 20. Nxd6 Rc2 21. g3
Qxh2# 0-1

[Event "Titled Tue 3rd Jun Early"]
[Site "chess.com INT"]
[Date "2025.06.03"]
[Round "8"]
[White "Barrientos, Ernesto"]
[Black "Kalyani Sirin"]
[Result "0-1"]
[WhiteTitle "CM"]
[BlackTitle "WFM"]
[WhiteElo "2027"]
[BlackElo "2136"]
[WhiteFideId "3701247"]
[BlackFideId "33323500"]
[EventDate "2025.06.03"]

1. e4 e5 2. Nf3 Nc6 3. Bb5 f5 4. d3 fxe4 5. dxe4 Nf6 6. Nc3 Bb4 7. Bg5 Bxc3+ 8.
bxc3 d6 9. O-O O-O 10. Bc4+ Kh8 11. h3 Qe8 12. Re1 Qg6 13. Kh2 Nxe4 14. Bd3 Bf5
15. Bd2 Nxf2 16. Nh4 Qf6 17. Qh5 Nxd3 18. cxd3 g6 19. Bh6 gxh5 0-1

[Event "Titled Tue 3rd Jun Early"]
[Site "chess.com INT"]
[Date "2025.06.03"]
[Round "8"]
[White "Piesik, Piotr"]
[Black "Karvatskyi, Oleksii"]
[Result "1-0"]
[WhiteTitle "IM"]
[BlackTitle "CM"]
[WhiteElo "2436"]
[BlackElo "2248"]
[WhiteFideId "1136194"]
[BlackFideId "14191059"]
[EventDate "2025.06.03"]

1. Nf3 d5 2. g3 Nf6 3. Bg2 Bg4 4. O-O Nc6 5. c4 Qd7 6. cxd5 Nxd5 7. Nc3 O-O-O 8.
d3 Nxc3 9. bxc3 Bh3 10. Qb3 Bxg2 11. Kxg2 e5 12. Rb1 b6 13. Qa4 Kb7 14. Be3 h5
15. h3 f6 16. Nd2 g5 17. c4 h4 18. g4 f5 19. Bxg5 fxg4 20. Bxd8 gxh3+ 21. Kh1
Qxd8 22. Nf3 Bd6 23. Rg1 Rf8 24. Rg4 Nd4 25. Nxd4 exd4 26. Qb5 Rxf2 27. Qd5+ c6
28. Rg7+ Ka6 29. Qb5+ cxb5 30. cxb5+ Ka5 31. Rxa7# 1-0

[Event "Titled Tue 3rd Jun Early"]
[Site "chess.com INT"]
[Date "2025.06.03"]
[Round "8"]
[White "Maghsoodloo, Parham"]
[Black "Kourkoulos-Arditis, Stamatis"]
[Result "1-0"]
[WhiteTitle "GM"]
[BlackTitle "GM"]
[WhiteElo "2706"]
[BlackElo "2580"]
[WhiteFideId "12539929"]
[BlackFideId "4221990"]
[EventDate "2025.06.03"]

1. e4 d6 2. d4 Nf6 3. Nc3 e5 4. Nge2 c6 5. a4 Be7 6. h3 O-O 7. g4 exd4 8. Nxd4
d5 9. e5 Nfd7 10. e6 Nc5 11. exf7+ Rxf7 12. Bg2 Bd6 13. O-O h5 14. g5 g6 15. f4
Ne6 16. Nce2 Ng7 17. Be3 Na6 18. c4 dxc4 19. Qc2 Nf5 20. Nxf5 Bxf5 21. Qxc4 Qe7
22. Bd4 Bc5 23. Ng3 Rd8 24. Nxf5 Bxd4+ 25. Kh1 Qc5 26. Nh6+ 1-0

[Event "Titled Tue 3rd Jun Early"]
[Site "chess.com INT"]
[Date "2025.06.03"]
[Round "8"]
[White "Gutierrez Carmona, Juan Alejandro"]
[Black "Gbiorczyk, Mikolaj"]
[Result "0-1"]
[WhiteTitle "FM"]
[BlackTitle "CM"]
[WhiteElo "2036"]
[BlackElo "2191"]
[WhiteFideId "5106770"]
[BlackFideId "21080763"]
[EventDate "2025.06.03"]

1. e4 c6 2. d4 d5 3. Nc3 dxe4 4. Nxe4 Nf6 5. Ng3 h5 6. h3 h4 7. N3e2 Bf5 8. Nf3
Be4 9. Ne5 Nbd7 10. Bf4 e6 11. Nc3 Nd5 12. Nxe4 Nxf4 13. Nd3 Nd5 14. c4 Qa5+ 15.
Qd2 Nb4 16. a3 Nc2+ 17. Kd1 Qxd2+ 18. Nxd2 Nxa1 19. Kc1 O-O-O 20. Kb1 e5 0-1

[Event "Titled Tue 3rd Jun Early"]
[Site "chess.com INT"]
[Date "2025.06.03"]
[Round "8"]
[White "Madhesh Kumar S"]
[Black "Nguyen Thien Ngan"]
[Result "1-0"]
[WhiteTitle "CM"]
[BlackTitle "WIM"]
[WhiteElo "2243"]
[BlackElo "1998"]
[WhiteFideId "25168649"]
[BlackFideId "12414816"]
[EventDate "2025.06.03"]

1. e4 e5 2. Nf3 Nc6 3. Bc4 Bc5 4. c3 Nf6 5. d4 exd4 6. cxd4 Bb4+ 7. Nc3 Nxe4 8.
O-O Bxc3 9. d5 Bf6 10. Re1 O-O 11. Rxe4 Na5 12. Bd3 b6 13. Qc2 h6 14. Bf4 d6 15.
Rc1 c5 16. dxc6 Bf5 17. Re3 Bxd3 18. Rxd3 Be7 19. b4 Qc8 20. bxa5 Qf5 21. Bxd6
Bxd6 22. Rxd6 Qxa5 23. c7 Rac8 24. h3 b5 25. Nd4 Qb4 26. Nf5 Qf4 27. Ne7+ Kh8
28. Nxc8 Rxc8 29. Rd8+ Rxd8 30. cxd8=Q# 1-0

[Event "Titled Tue 3rd Jun Early"]
[Site "chess.com INT"]
[Date "2025.06.03"]
[Round "8"]
[White "Gattani, Sarthak"]
[Black "Kulnev, Aleksandr"]
[Result "1-0"]
[BlackTitle "CM"]
[WhiteElo "1869"]
[BlackElo "2213"]
[WhiteFideId "30995965"]
[BlackFideId "54157544"]
[EventDate "2025.06.03"]

1. d4 Nf6 2. c4 g6 3. Nc3 d6 4. e4 Bg7 5. Nf3 O-O 6. Be2 Nc6 7. d5 Ne5 8. Nxe5
dxe5 9. O-O c5 10. Be3 b6 11. a4 a5 12. Qd2 Ne8 13. Bh6 Nd6 14. Bxg7 Kxg7 15. f4
exf4 16. Qxf4 Bd7 17. g4 f6 18. e5 Nf7 19. e6 Bxe6 20. dxe6 Ng5 21. Qe3 Qd6 22.
Bf3 Rad8 23. Bd5 h5 24. h4 Nh7 25. gxh5 gxh5 26. Ne4 Qe5 27. Qg3+ 1-0

[Event "Titled Tue 3rd Jun Early"]
[Site "chess.com INT"]
[Date "2025.06.03"]
[Round "8"]
[White "Goldin, Roman"]
[Black "Lira, Suan Bruno Fernandes"]
[Result "1/2-1/2"]
[WhiteTitle "FM"]
[WhiteElo "2296"]
[BlackElo "2163"]
[WhiteFideId "2803860"]
[BlackFideId "22794620"]
[EventDate "2025.06.03"]

1. e4 c6 2. d4 d5 3. f3 e6 4. Nc3 Bb4 5. a3 Bxc3+ 6. bxc3 Nf6 7. e5 Nfd7 8. Bd3
c5 9. h4 Qc7 10. Kf2 Nc6 11. Be3 b6 12. Nh3 a5 13. h5 h6 14. Nf4 Ba6 15. Nxe6
fxe6 16. Bxa6 Rxa6 17. Qd3 Ra7 18. Qg6+ Kf8 19. Rh4 Nd8 20. Rf4+ Kg8 21. Qe8+
Kh7 22. Qg6+ Kg8 23. Qe8+ Kh7 24. Qg6+ Kg8 1/2-1/2

[Event "Titled Tue 3rd Jun Early"]
[Site "chess.com INT"]
[Date "2025.06.03"]
[Round "8"]
[White "Begunov, Konstantin"]
[Black "Vlassov, Nikolai"]
[Result "0-1"]
[WhiteTitle "FM"]
[BlackTitle "IM"]
[WhiteElo "2325"]
[BlackElo "2291"]
[WhiteFideId "4118510"]
[BlackFideId "4103360"]
[EventDate "2025.06.03"]

1. d4 Nf6 2. c4 Nc6 3. Nc3 e5 4. d5 Ne7 5. h4 Neg8 6. e4 Bc5 7. Be2 d6 8. Nf3
Ng4 9. Rf1 f5 10. b4 Bb6 11. Na4 fxe4 12. Nxb6 exf3 13. gxf3 axb6 14. fxg4 Qxh4
15. Be3 Nf6 16. g5 Ne4 17. Bf3 Nxg5 18. Rh1 Nxf3+ 19. Qxf3 Qxc4 20. Qh5+ g6 21.
Qg5 Bg4 22. Rc1 Qe2# 0-1

[Event "Titled Tue 3rd Jun Early"]
[Site "chess.com INT"]
[Date "2025.06.03"]
[Round "8"]
[White "Nepomniachtchi, Ian"]
[Black "Aronian, Levon"]
[Result "1/2-1/2"]
[WhiteTitle "GM"]
[BlackTitle "GM"]
[WhiteElo "2757"]
[BlackElo "2747"]
[WhiteFideId "4168119"]
[BlackFideId "13300474"]
[EventDate "2025.06.03"]

1. e4 e6 2. d4 d5 3. Nc3 Bb4 4. e5 c5 5. a3 Ba5 6. b4 cxd4 7. Nb5 Bc7 8. f4 Bd7
9. Nxd4 Ne7 10. Ngf3 Bb6 11. c3 a6 12. a4 Nbc6 13. Bd2 Nxd4 14. Nxd4 Rc8 15. Bd3
Bxd4 16. cxd4 Qb6 17. Be3 Qxb4+ 18. Kf2 b5 19. Qe2 O-O 20. Rhb1 Qc3 21. Rc1 Qb3
22. Rcb1 Qc3 23. Rc1 Qb3 24. Rcb1 Qc3 1/2-1/2

[Event "Titled Tue 3rd Jun Early"]
[Site "chess.com INT"]
[Date "2025.06.03"]
[Round "8"]
[White "El Zein, Zayne-Eddine"]
[Black "Logozar, Elijah"]
[Result "1-0"]
[WhiteTitle "CM"]
[WhiteElo "2146"]
[BlackElo "1945"]
[WhiteFideId "5313210"]
[BlackFideId "30963788"]
[EventDate "2025.06.03"]

1. f4 d5 2. Nf3 Nf6 3. e3 g6 4. b3 Bg7 5. Bb2 O-O 6. Be2 c5 7. O-O Nc6 8. Ne5
Qc7 9. Na3 a6 10. c4 dxc4 11. bxc4 Nd7 12. Nxc6 Bxb2 13. Nxe7+ Kg7 14. Nd5 Qd8
15. Nc2 Bxa1 16. Qxa1+ f6 17. f5 Ne5 18. d4 cxd4 19. Nxd4 b5 20. Ne6+ Bxe6 21.
fxe6 bxc4 22. Nxf6 Rxf6 23. Qxe5 Qe7 24. Bxc4 Rf8 25. Rd1 Rd8 26. Rc1 Qa3 27.
Rf1 Qe7 28. g4 h6 29. h4 g5 30. hxg5 hxg5 31. Qxg5+ 1-0

[Event "Titled Tue 3rd Jun Early"]
[Site "chess.com INT"]
[Date "2025.06.03"]
[Round "8"]
[White "Materia, Marco"]
[Black "Jaskolka, Tomasz"]
[Result "1-0"]
[WhiteTitle "IM"]
[BlackTitle "CM"]
[WhiteElo "2489"]
[BlackElo "2200"]
[WhiteFideId "45150451"]
[BlackFideId "1170791"]
[EventDate "2025.06.03"]

1. Nf3 d5 2. g3 Bg4 3. Bg2 e6 4. d3 Nf6 5. Nbd2 c6 6. e4 Be7 7. O-O Nbd7 8. h3
Bxf3 9. Qxf3 O-O 10. Qe2 a5 11. e5 Ne8 12. f4 f6 13. exf6 Rxf6 14. Nf3 Nc7 15.
Bd2 a4 16. Bc3 Rf8 17. Nd4 Bf6 18. Nxe6 Qe7 19. Rae1 Nxe6 20. Qxe6+ Qxe6 21.
Rxe6 Bxc3 22. bxc3 Rae8 23. Rxe8 Rxe8 24. Kf2 Kf7 25. Rb1 b5 26. c4 bxc4 27.
dxc4 Nf6 28. Rb7+ Kg6 29. Rb6 Rc8 30. Ra6 dxc4 31. Rxc6 Rxc6 32. Bxc6 a3 33. Ke3
Kf5 34. Bf3 h5 35. Bxh5 c3 36. Bf3 Ke6 37. Kd4 Nd7 38. Bg4+ 1-0

[Event "Titled Tue 3rd Jun Early"]
[Site "chess.com INT"]
[Date "2025.06.03"]
[Round "8"]
[White "Harshavardhan, G B"]
[Black "Ter-Sahakyan, Samvel"]
[Result "0-1"]
[WhiteTitle "IM"]
[BlackTitle "GM"]
[WhiteElo "2441"]
[BlackElo "2611"]
[WhiteFideId "25059009"]
[BlackFideId "13302531"]
[EventDate "2025.06.03"]

1. e4 e5 2. Nc3 Nf6 3. Bc4 Nxe4 4. Qh5 Nd6 5. Bb3 Be7 6. Nf3 Nc6 7. Nxe5 g6 8.
Nxc6 dxc6 9. Qf3 O-O 10. d3 Nf5 11. O-O Nd4 12. Qg3 a5 13. Bf4 a4 14. Bxc7 Qd7
15. Be5 axb3 16. axb3 Rxa1 17. Rxa1 Nxc2 18. Ra4 Nb4 19. h4 Qxd3 20. Qf4 Qf5 21.
Qe3 Be6 22. Ra7 Nd3 23. Bd4 c5 0-1

[Event "Titled Tue 3rd Jun Early"]
[Site "chess.com INT"]
[Date "2025.06.03"]
[Round "8"]
[White "Agarwal, Amaya"]
[Black "Ivashentseva, Dominika"]
[Result "0-1"]
[WhiteTitle "WCM"]
[BlackTitle "WCM"]
[WhiteElo "2004"]
[BlackElo "1921"]
[WhiteFideId "48733580"]
[BlackFideId "34331050"]
[EventDate "2025.06.03"]

1. e4 c5 2. c3 Nf6 3. e5 Nd5 4. d4 cxd4 5. Nf3 Nc6 6. cxd4 d6 7. Bc4 dxe5 8.
dxe5 Be6 9. O-O g6 10. Ng5 Bg7 11. Nxe6 fxe6 12. f4 Qb6+ 13. Kh1 Rd8 14. Nd2 Ne3
15. Qe2 Nxf1 16. Qxf1 Nd4 17. Nf3 Nxf3 18. Qxf3 O-O 19. Be3 Qxb2 20. Rc1 Bxe5
21. Bxe6+ Kh8 22. Qe4 Bg7 23. Rb1 Qc3 24. Rc1 Qxc1+ 0-1

[Event "Titled Tue 3rd Jun Early"]
[Site "chess.com INT"]
[Date "2025.06.03"]
[Round "8"]
[White "Yanev, Tihomir"]
[Black "Danzer, George"]
[Result "1-0"]
[WhiteTitle "IM"]
[BlackTitle "CM"]
[WhiteElo "2354"]
[BlackElo "2172"]
[WhiteFideId "2910110"]
[BlackFideId "4659465"]
[EventDate "2025.06.03"]

1. d4 Nf6 2. c4 g6 3. Nc3 d5 4. Nf3 Bg7 5. Bf4 c6 6. e3 O-O 7. h3 Bf5 8. Be2
dxc4 9. Bxc4 Ne4 10. O-O Nd7 11. Qe2 Nb6 12. Bb3 Nd5 13. Nxd5 cxd5 14. Qb5 Nd6
15. Qxd5 Be4 16. Qc5 Bxf3 17. gxf3 b6 18. Qb4 Qd7 19. Kg2 Nf5 20. Bg3 h5 21.
Rac1 h4 22. Bf4 Rac8 23. Qa4 Qb7 24. Bc2 Kh7 25. Be4 1-0

[Event "Titled Tue 3rd Jun Early"]
[Site "chess.com INT"]
[Date "2025.06.03"]
[Round "8"]
[White "Squella Lavin, Carlos Felipe"]
[Black "Kholyavko, Mariya"]
[Result "0-1"]
[WhiteTitle "FM"]
[BlackTitle "WFM"]
[WhiteElo "2230"]
[BlackElo "2130"]
[WhiteFideId "3406792"]
[BlackFideId "13748505"]
[EventDate "2025.06.03"]

1. d4 Nf6 2. c4 e6 3. Nf3 b6 4. Nc3 Ba6 5. e3 Bb7 6. Bd3 c5 7. O-O cxd4 8. exd4
d5 9. Bg5 Be7 10. Re1 dxc4 11. Bxc4 O-O 12. Qb3 Nc6 13. Bxe6 Na5 14. Bxf7+ Rxf7
15. Qe6 Bc8 16. Qe2 h6 17. Bh4 Bg4 18. b4 Nc6 19. Qc4 Bxf3 20. gxf3 Nxd4 21.
Red1 Nxf3+ 22. Kh1 Qc8 0-1

[Event "Titled Tue 3rd Jun Early"]
[Site "chess.com INT"]
[Date "2025.06.03"]
[Round "8"]
[White "Sarveshwaran V"]
[Black "Sahetchian, Armand"]
[Result "1-0"]
[WhiteTitle "CM"]
[BlackTitle "CM"]
[WhiteElo "2290"]
[BlackElo "2024"]
[WhiteFideId "25699016"]
[BlackFideId "607150"]
[EventDate "2025.06.03"]

1. e4 e6 2. Nc3 d5 3. Nf3 dxe4 4. Nxe4 Nd7 5. Ng3 Ngf6 6. d4 c5 7. c3 Bd6 8. Bd3
O-O 9. O-O b6 10. Qe2 Bb7 11. Rd1 Qe7 12. dxc5 Nxc5 13. Bc2 Rfe8 14. Bg5 h6 15.
Bxf6 gxf6 16. b4 Bxg3 17. hxg3 Bxf3 18. gxf3 Nd7 19. Bb3 Nf8 20. Kg2 Rac8 21.
Qe3 Qc7 22. Qxh6 Qxc3 23. Rh1 Ng6 24. Rac1 Qe5 25. Rh5 Qe2 26. Rch1 Rc3 27.
Qxg6+ 1-0

[Event "Titled Tue 3rd Jun Early"]
[Site "chess.com INT"]
[Date "2025.06.03"]
[Round "8"]
[White "Sapocinic, Semion"]
[Black "Dambaev, Dashi"]
[Result "1-0"]
[WhiteTitle "FM"]
[BlackTitle "CM"]
[WhiteElo "2309"]
[BlackElo "2211"]
[WhiteFideId "13908693"]
[BlackFideId "55628494"]
[EventDate "2025.06.03"]

1. d4 Nf6 2. Nf3 d5 3. Bg5 Ne4 4. Bf4 c5 5. e3 Nc6 6. Nbd2 Nxd2 7. Qxd2 cxd4 8.
exd4 Bg4 9. Ne5 Nxe5 10. Bxe5 a6 11. Bd3 e6 12. O-O Bd6 13. Bxg7 Rg8 14. Qh6 Qc7
15. Bxh7 O-O-O 16. Bxg8 Rxg8 17. Qh7 Re8 18. Be5 Bxe5 19. dxe5 Bf5 20. Qg7 Bxc2
21. Rac1 d4 22. Rfd1 Rd8 23. Rd2 d3 24. h4 Qa5 25. Qg5 Qxa2 26. Rcxc2+ dxc2 27.
Qxd8# 1-0

[Event "Titled Tue 3rd Jun Early"]
[Site "chess.com INT"]
[Date "2025.06.03"]
[Round "8"]
[White "Khoo-Thwe, Louis"]
[Black "Pacheco, Daniel"]
[Result "1-0"]
[WhiteTitle "CM"]
[BlackTitle "FM"]
[WhiteElo "2214"]
[BlackElo "2191"]
[WhiteFideId "1538756"]
[BlackFideId "101680"]
[EventDate "2025.06.03"]

1. e4 e6 2. d4 d5 3. Nc3 Bb4 4. exd5 exd5 5. Bd3 Nf6 6. Ne2 O-O 7. Bg5 c6 8. O-O
Nbd7 9. a3 Bd6 10. Bh4 Bxh2+ 11. Kxh2 Ng4+ 12. Kg3 Qc7+ 13. f4 Ne3 14. Qd2 Nxf1+
15. Rxf1 Re8 16. Rh1 Nf8 17. Kf3 h5 18. Bg3 Bg4+ 19. Kf2 Qb6 20. b4 Ne6 21. Na4
Qd8 22. Nc5 Qf6 23. c3 Nxc5 24. bxc5 Re7 25. Bh4 Qe6 26. Bxe7 Qxe7 27. Ng3 Re8
28. Re1 Qd7 29. Rxe8+ Qxe8 30. Qe3 Qb8 31. Qe5 Qd8 32. Nxh5 f6 33. Qd6 Qf8 34.
Qxf8+ Kxf8 35. Ng3 1-0

[Event "Titled Tue 3rd Jun Early"]
[Site "chess.com INT"]
[Date "2025.06.03"]
[Round "8"]
[White "Tyukhanov, Alexey"]
[Black "Unver, Cumayi"]
[Result "1-0"]
[WhiteTitle "CM"]
[WhiteElo "2218"]
[BlackElo "2012"]
[WhiteFideId "24149829"]
[BlackFideId "6304940"]
[EventDate "2025.06.03"]

1. e4 e5 2. Nf3 Nc6 3. d4 exd4 4. Bc4 Nf6 5. e5 d5 6. Bb5 Ne4 7. Nxd4 Bd7 8.
Bxc6 Bxc6 9. O-O Bd7 10. f3 Ng5 11. f4 Ne4 12. f5 c5 13. e6 cxd4 14. exd7+ Qxd7
15. Nd2 Bc5 16. Nb3 Bb6 17. Qd3 O-O-O 18. a4 a6 19. a5 Ba7 20. Bd2 Qb5 21. Rac1
Qxd3 22. cxd3+ Kd7 23. dxe4 dxe4 24. Nc5+ Bxc5 25. Rxc5 Kd6 26. Bb4 Rhe8 27. Rd1
d3 28. Kf2 e3+ 29. Kf3 e2 30. Rxd3+ Ke7 1-0

[Event "Titled Tue 3rd Jun Early"]
[Site "chess.com INT"]
[Date "2025.06.03"]
[Round "8"]
[White "Diaz Vasquez, Martin"]
[Black "Jakubowski, Krzysztof"]
[Result "0-1"]
[WhiteTitle "CM"]
[BlackTitle "GM"]
[WhiteElo "2266"]
[BlackElo "2448"]
[WhiteFideId "3410579"]
[BlackFideId "1112848"]
[EventDate "2025.06.03"]

1. d4 Nf6 2. Nf3 e6 3. c4 b6 4. a3 Bb7 5. Nc3 d5 6. Qa4+ c6 7. Ne5 Bd6 8. Bg5
O-O 9. e3 h6 10. Bh4 c5 11. cxd5 cxd4 12. Qxd4 exd5 13. Ng4 Nbd7 14. Nxf6+ Nxf6
15. Bxf6 Qxf6 16. Qxf6 gxf6 17. O-O-O Rac8 18. Kb1 Rc5 19. Be2 Be5 20. Nb5 Rfc8
21. Nxa7 Rc2 22. Nxc8 Rxe2 23. Ne7+ Kf8 24. Nxd5 Rxb2+ 25. Kc1 Rxf2 26. Rhf1
Rxf1 27. Rxf1 Bxd5 0-1

[Event "Titled Tue 3rd Jun Early"]
[Site "chess.com INT"]
[Date "2025.06.03"]
[Round "8"]
[White "Hansen, Sune Berg"]
[Black "Sanal, Vahap"]
[Result "0-1"]
[WhiteTitle "GM"]
[BlackTitle "GM"]
[WhiteElo "2503"]
[BlackElo "2555"]
[WhiteFideId "1400266"]
[BlackFideId "6300545"]
[EventDate "2025.06.03"]

1. e4 e5 2. Nf3 Nc6 3. Bb5 a6 4. Ba4 Nf6 5. O-O Be7 6. Re1 b5 7. Bb3 O-O 8. h3
Bb7 9. d3 d5 10. exd5 Nxd5 11. Nxe5 Nxe5 12. Rxe5 Qd6 13. Re1 Rae8 14. Nd2 c5
15. Ne4 Qc6 16. c4 Nb6 17. f3 Bh4 18. Re2 bxc4 19. dxc4 Qg6 20. Be3 f5 21. Nd2
Qe6 22. Nf1 f4 23. Bxc5 Qxe2 24. Bxb6 Rf6 25. c5+ Kh8 26. Qxe2 Rxe2 27. Bc4 Rxb2
28. Rd1 Rg6 0-1